000 00627nam a22002177a 4500
003 KOHA_MİRAKIL
005 20260415072623.0
008 260414b tu ||||| |||| 00| 0 tur d
020 _a9751720761
040 _aTR-AnABB
_btur
_cTR-AnABB
041 _atur
082 _a338.9561
_bOZE 1990
100 1 _aOzer, Ahmet
245 1 0 _aGüneydoğu Anadolu ve GAP gerçeği /
_cAhmet Özer
260 _aAnkara :
_bDamar yayınları,
_c1990
300 _a115 sayfa ;
_c20 cm
650 0 4 _aEkonomik politika, Türkiye
650 0 4 _aEkonomik politika
900 _bCan ÇELIK
942 _2ddc
_cBK
999 _c10222
_d10222